LEADER 00845nam a22002411i 4500 001 991003533929707536 005 20031006103532.0 008 031111s1963 uik|||||||||||||||||eng 035 $ab12440140-39ule_inst 035 $aARCHE-047343$9ExL 040 $aDip.to Lingue$bita$cA.t.i. Arché s.c.r.l. Pandora Sicilia s.r.l. 100 1 $aLeech, Clifford$0132225 245 10$aO'Neill /$cClifford Leech 260 $aEdinburgh ;$aLondon :$bOliver and Boyd,$c1963 300 $a120 p. ;$c16. 440 0$aWriters and critics 600 14$aO' Neill, Eugene 907 $a.b12440140$b02-04-14$c13-11-03 912 $a991003533929707536 945 $aLE012 ON 1$g1$i2012000236479$lle012$o-$pE0.00$q-$rl$s- $t0$u1$v0$w1$x0$y.i1286626x$z13-11-03 996 $aO'Neill$9166067 997 $aUNISALENTO 998 $ale012$b13-11-03$cm$da $e-$feng$guik$h0$i1